000 00483nam a2200181Ia 4500
003 GCL
008 140319s9999 xx 000 0 eng d
040 _aGCL /
_cGCL
082 0 4 _a649.B E
100 1 _aBROLT, ARMIN A
245 1 0 _aTHE EXPECTANT FATHER /
_cBROLT, ARMIN A
700 1 _aASH, JENNIFER
260 _a[S.N] :
_bABBEVILLE PRESS PUBLISHERS ،
_c1995
300 _a215
650 0 4 _aFATHER - PSCHOLOGY
650 0 4 _aPREGNANCY- PSYCHOLAGICAL ASPECT
942 _2ddc
_cBK
999 _c10326
_d10326